LEADER 02056oam 2200601Mn 450 001 9910450378203321 005 20200324081314.0 010 $a1-135-37704-9 010 $a1-280-13782-7 010 $a0-585-44752-7 010 $a0-203-49851-8 035 $a(CKB)1000000000248141 035 $a(EBL)178764 035 $a(OCoLC)191031552 035 $a(SSID)ssj0000111789 035 $a(PQKBManifestationID)11806641 035 $a(PQKBTitleCode)TC0000111789 035 $a(PQKBWorkID)10080840 035 $a(PQKB)10798639 035 $a(MiAaPQ)EBC178764 035 $a(OCoLC)821813429 035 $a(OCoLC-P)821813429 035 $a(FlBoTFG)9780203498514 035 $a(EXLCZ)991000000000248141 100 $a20071003j199105uu uy 0 101 0 $aeng 135 $aur|n||||||||| 181 $ctxt 182 $cc 183 $acr 200 10$aBiographical Dictionary of Ancient Egypt 210 $aNew York $cRoutledge$d1991 215 $a1 online resource (206 p.) 300 $aDescription based upon print version of record. 311 $a1-85264-032-4 327 $aBook Cover; Title; Contents; Introduction; Outline History; Glossary; Maps; Biographical Dictionary; Index of people mentioned in the text but without an entry; Chronological Tables; Abbreviated titles of books and periodicals; Recommended reading 330 8 $aAnnotation$bImportant historical and cultural figures, as well as some less well-known individuals in Egypt's long history are incorporated in this scholarly work of reference. 606 $aEgypt - Biography 607 $aEgypt$xHistory$yTo 640 A.D$vBiography 608 $aElectronic books. 615 4$aEgypt - Biography. 676 $a920.032 676 $a932.009 676 $a932.0099 676 $a932.092 700 $aDavid$b A. Rosalie$0882534 702 $aDavid$b Anthony E. 801 0$bOCoLC-P 801 1$bOCoLC-P 906 $aBOOK 912 $a9910450378203321 996 $aBiographical Dictionary of Ancient Egypt$92269631 997 $aUNINA LEADER 01036nam a22002898i 4500 001 991000367089707536 008 090917s2009 ctua 001 0 eng d 020 $a9781933988399 020 $a1933988398 035 $ab13846887-39ule_inst 040 $aDip.to Matematica$beng 082 0 $a519.5028553 084 $aAMS 68U05 100 1 $aJanert, Philipp$0471788 245 10$aGnuplot in action :$bunderstanding data with graphs /$cby Philipp Janert 260 $aGreenwich, Conn. :$bManning Publications,$c2009 300 $axxxi, 360 p. :$bcol ill. ;$c23 cm 500 $aIncludes index 630 00$aGnuplot (Computer file) 650 0$aStatistics$xData processing 650 0$aGraph theory$xData processing 907 $a.b13846887$b28-01-14$c17-09-09 912 $a991000367089707536 945 $aLE013 68U JAN11 (2009) $g1$i2013000292489$lle013$op$pE25.44$q-$rl$s- $t0$u2$v0$w2$x0$y.i15003462$z17-09-09 996 $aGnuplot in action$9228149 997 $aUNISALENTO 998 $ale013$b17-09-09$cm$da $e-$feng$gctu$h0$i0 LEADER 01012nam a2200265 i 4500 001 991001062559707536 005 20020502183051.0 008 930615s1991 it ||| | ita 020 $a8820471671 035 $ab11458343-39ule_inst 035 $aPRUMB54306$9ExL 040 $aScuola per assistenti sociali$bita 100 1 $aPicchi, Mario$0295673 245 10$aDietro la droga un uomo /$cDon Mario Picchi, Enzo Caffarelli ; presentazione di Sergio Zavoli 260 $aMilano :$bF. Angeli,$cc1991 300 $a164 p. ;$c22 cm. 440 3$aLe comete 650 4$aTossicomania 700 1 $aCaffarelli, Enzo$eauthor$4http://id.loc.gov/vocabulary/relators/aut$0144107 907 $a.b11458343$b12-10-12$c01-07-02 912 $a991001062559707536 945 $aLE024 SS/B V 27$g1$i2021000216114$iLE024N-1573$lle021$nex DUSS$o-$pE0.00$q-$rl$s- $t0$u1$v0$w1$x0$y.i11645635$z01-07-02 996 $aDietro la droga un uomo$91451380 997 $aUNISALENTO 998 $ale021$b01-01-93$cm$da $e-$fita$git $h0$i1